Associa il Paese ad una sua Azienda - Statistics

Statistiche generali
  • Questo quiz è stato fatto 97 volte
  • Il punteggio medio è 16 su 34
Statistiche sulle risposte
Hint Risposta % Corretto
Apple Stati Uniti
98%
Ferrari Italia
94%
Havana Club Cuba
83%
IKEA Svezia
83%
Louis Vuitton Francia
82%
Emirates Emirati Arabi Uniti
79%
Volkswagen Germania
79%
Guinness Irlanda
73%
Gazprom Russia
68%
Nintendo Giappone
67%
Red Bull Austria
55%
Lego Danimarca
55%
Samsung Corea del Sud
53%
Dacia Romania
52%
Zara Spagna
52%
Huawei Cina
50%
Škoda Cechia
44%
Corona Messico
42%
Q8 Kuwait
41%
Heineken Paesi Bassi
41%
Nokia Finlandia
38%
Stella Artois Belgio
32%
Aramco Arabia Saudita
29%
Tata Motors India
27%
Al Jazeera Qatar
27%
Teva Pharma Israele
24%
Nestlé Svizzera
24%
Unilever Regno Unito
23%
Petronas Malaysia
21%
TSMC Taiwan
20%
Fage Grecia
17%
Shopify Canada
11%
Bolt Estonia
8%
Nord VPN Lituania
6%
Nessun quiz corrispondente trovato
Distribuzione punteggi
Percentuale di utenti per punteggio
Percentile per numero di risposta
I tuoi punteggi nel tempo
Non hai fatto questo quiz